000 01515cam a22003977a 4500
003 CHAP
005 20220329141825.0
008 971117d1997 mx r 00110 spa d
010 _a74415
011 _a75387
035 _a84948
040 _cCHAP
090 _aTesis
100 0 0 _aOlaís Reyes, José Adrián.
_982960
245 1 0 _aCostos de producción y comercialización de tuna (Opuntia sp.) de una empresa comercializadora de tuna establecida en el municipio de Ojuelos, Jalisco
_c/por José Adrián Olaís Reyes y Osman Ruvalcaba Palacios
260 _aChapingo, Méx. :
_bEl autor,
_c1997.
300 _a74 h. :
_bcuadros ; gráfs.
502 _aTesis (Ing. Agr. Esp. en Economía Agrícola) -- UACH. Departamento de Economia Agrícola
590 _aALEPH
_b10
_c20130110
_lUCH01
_h1419
590 _aBATCH-UPD
_b10
_c20130110
_lUCH01
_h0121
590 _aBATCH-UPD
_b10
_c20130110
_lUCH01
_h0756
590 _aBATCH-UPD
_b10
_c20130410
_lUCH01
_h0435
590 _aBATCH-UPD
_b10
_c20130914
_lUCH01
_h2011
590 _aCONVERSION
_b10
_c20130109
_lUCH01
_h1341
650 1 4 _aTuna
_xCostos de producción.
_9115548
650 1 4 _aTuna
_xJalisco.
_9115557
650 1 4 _aTuna
_xMercadeo.
_9115559
650 2 4 _aTuna
_xEmpaque.
_9115550
650 2 4 _aTuna
_xPrecios.
_9115561
700 0 _aRuvalcaba Palacios, Osman.
_9101011
901 _aBK
905 _aLilia Sánchez G.
942 _cFOLL
949 _bBC
_cTES
_d33724000638680
_eTS2
_fc.2
_h31704
_i84948
_sb
949 _bBC
_cTES
_d849481
_eTS1
_h31703
_i84948
_sb
999 _c74415
_d74415